000 01176nam a22001817a 4500
001 1561
003 FISKH
005 20230906165648.0
008 230906b cb ||||| |||| 00| 0 eng d
020 _a9789390391042
040 _aFISKH
_beng
_cFISKH
_dFISKH
100 _aTagore, Rabindranath
_d1861-1941.
_eauthor
245 _aSelected stories of Rabindranath Tagore /
260 _aNew Delhi :
_bPrakash Books,
_c2022
300 _a371 pages :
_c20 cm
520 _aOne of the leading figures of Bengali literature, Rabindranath Tagore was born on May 7, 1861. He was brought up in a literary, intellectual, and social household, and began writing at an early age. The bibliography of his writing contains more than two hundred works and around two thousand two hundred songs. From poetic dramas, social plays, short stories, philosophical and critical essays, and travelogues to letters, memoirs, lyrics, drawings, and paintings, Tagore’ s life was marked by uninterrupted literary and artistic creations. Many of Tagore’ s stories and novels have been adapted for film and television. His works continue to be translated into many languages worldwide.
942 _2ddc
_cBK
_n0
999 _c1561
_d1561